| 000 | 01681nam a2200361 4500 | ||
|---|---|---|---|
| 001 | 174 | ||
| 003 | OSt | ||
| 005 | 20250528074014.0 | ||
| 008 | 250130b |||||||g |||| 00| 1 eng d | ||
| 020 | _a9788501073525 | ||
| 040 | _bpor | ||
| 041 |
_heng _apor |
||
| 082 |
_a823 _bC821u |
||
| 100 | 1 |
_aCornwell, Bernard, _d1944- _9324 |
|
| 240 | _aThe Last Kingdom | ||
| 245 |
_aO último reino / _cCornwell, Bernard ; Tradução de Alves Calado |
||
| 250 | _a10° edição | ||
| 260 |
_aRio de Janeiro _bRecord _c2013 |
||
| 300 | _a362 p. | ||
| 490 | 1 |
_aCrônicas Saxônicas _vLivro 01 |
|
| 520 | _aO Último Reino é o primeiro romance de uma série que contará a história de Alfredo, o Grande, e seus descendentes. Aqui, Cornwell reconstrói a saga do monarca que livrou o território britânico da fúria dos vikings. Pelos olhos do órfão Uthred, que aos 9 anos se tornou escravo dos guerreiros no norte, surge uma história de lealdades divididas, amor relutante e heroísmo desesperado. Nascido na aristocracia da Nortúmbria no século IX, Uthred é capturado e adotado por um dinamarquês. Nas gélidas planícies do norte, ele aprende o modo de vida viking. No entanto, seu destino está indissoluvelmente ligado a Alfredo, rei de Wessex, e às lutas entre ingleses e dinamarqueses e entre cristãos e pagãos. | ||
| 650 | 0 |
_aLiteratura Inglesa _989 |
|
| 650 | 0 |
_aMitologia _9128 |
|
| 650 | 0 |
_aFantasia _945 |
|
| 650 | 0 |
_aAventura _947 |
|
| 650 | 0 |
_aHistória _9116 |
|
| 650 | 0 |
_aFilme _926 |
|
| 655 | 0 |
_aRomance _923 |
|
| 655 | 0 |
_aFicção _922 |
|
| 700 |
_aAlves Calado _eTradutor _9325 |
||
| 830 |
_aCrônicas Saxônicas _vLivro 01 _9327 |
||
| 942 |
_2ddc _n0 _cBK |
||
| 999 |
_c174 _d174 |
||